Movies Quiz

Random Movies or Disney Quiz

Human Disney Characters (Animated) Quiz Stats

 Plays Quiz not verified by Sporcle

Score 0/45 Timer 10:00
0 Plays Today
Question Answer % Correct
MNMulan
64.7%
ALAriel
63.8%
BEBelle
60.3%
SW WESnow White
60.3%
GR FAGrandmother Fa
57.8%
KG TNKing Triton
56%
AAAurora
55.2%
PSPocahontas
53.4%
JN SHJohn Smith
53.4%
CACinderella
51.7%
QOQuasimodo
50.9%
EAElsa
50.9%
UAUrsula
50%
AAAnna
49.1%
ZSZeus
49.1%
FA LIFa Li
47.4%
HSHercules
45.7%
RLRapunzel
41.4%
ECEric
37.1%
FN RRFlynn Rider
35.3%
EAEsmeralda
33.6%
FA ZUFa Zhou
33.6%
BTBeast
31.9%
Question Answer % Correct
HSHades
31.9%
HSHans
29.3%
MAMegara
28.4%
AEAlice
27.6%
KFKristoff
27.6%
MAMerida
26.7%
GNGaston
23.3%
MR GLMother Gothel
21.6%
SGShang
20.7%
CF PNChief Powhatan
20.7%
MTMaleficent
20.7%
FAFlora
16.4%
PSPhoebus
15.5%
QN ERQueen Elinor
15.5%
VAVanessa
13.8%
MEMaurice
11.2%
GR REGovernor Ratcliffe
9.5%
AMAdam
8.6%
MRMerryweather
8.6%
PE PPPrince Philipp
6%
FAFlauna
1.7%
FSFergus
1.7%

You're not logged in!

Compare scores with friends on all Sporcle quizzes.
OR
Log In

Sporcle TV

Today on Sporcle TV


Watch our educational content, quiz creation guides, and fun videos on Sporcle TV.

Show Comments

Extras

Top Quizzes Today


Score Distribution

Your Account Isn't Verified!

In order to create a playlist on Sporcle, you need to verify the email address you used during registration. Go to your Sporcle Settings to finish the process.

Report this User

Report this user for behavior that violates our Community Guidelines.

Details: